| 000 | 00419nam a22001697a 4500 | ||
|---|---|---|---|
| 003 | NUST - PNEC | ||
| 005 | 20170116181103.0 | ||
| 008 | 151003b xxu||||| |||| 00| 0 eng d | ||
| 020 | _a8173195544 | ||
| 040 | _cLIBRARY | ||
| 082 | _a629.8 DUK | ||
| 100 |
_912476 _aDukkipati, Rao V. |
||
| 245 |
_aControl systems _cDukkipati Rao V. |
||
| 260 | _ac.2006 | ||
| 650 |
_912480 _aAutomatic control _xME |
||
| 942 |
_2ddc _cBK |
||
| 999 |
_c68832 _d68832 |
||